Quiz sur Michael Jackson - Statistiques

Statistiques générales
  • Ce quiz a été pris 1 839 fois
    1 463 depuis la dernière actualisation
  • Le résultat moyen est 17 sur 30
Statistiques - réponses
Questions Réponses % Correct
Son mouvement de danse signature Moonwalk
98%
Son album le plus vendu Thriller
95%
Année ou il est décédé 2009
89%
Nombre d'enfants de Michael Jackson. 3
85%
Nom du groupe formé avec ses frères The Jackson five
84%
Son surnom (le plus connu) King of Pop
82%
Album sortie en 1987 Bad
76%
Normalement, les gens en portent deux ou aucun, mais Michael Jackson n'en portait qu'un... Gant
75%
Société pour laquelle il tournait une publicité quand ses cheveux ont pris feu Pepsi
75%
Son ranch Neverland
72%
Janet
71%
Album sortie en 1991 Dangerous
59%
Prénom de son père Joseph
57%
Son animal de compagnie Bubbles était ce type d'animal Chimpanzé
56%
Album sortie en 1979 Off the Wall
55%
Jermaine
54%
Producteur de l'album ci-dessus Quincy Jones
53%
Sa première femme Lisa-Marie Presley
50%
Tito
50%
La Toya
49%
Un de ces tubes sorti en 1982 qui commence par "They told him, Don't you ever come around here" Beat it
46%
Ville ou état ou il est né Gary, Indiana
46%
Marlon
43%
Le premier label musical sur lequel il a enregistré en tant qu'artiste solo Motown
39%
Chanteur avec qui il a composé "We Are the World". Lionel Richie
37%
Prénoms de ces frères Jackie
34%
Randy
30%
Il a joué l'épouvantail dans ce film The Wiz
28%
Ses sœurs Rebbie
20%
Brandon
16%
Aucun quiz correspondant
Distribution des résultats
% des personnes avec chaque résultat
Percentile par nombre de réponses
Votre historique - résultats
Vous n’avez pas pris ce quiz depuis la dernière actualisation